Normal view
MARC view
- C,WANG
Entry Personal Name
001 - CONTROL NUMBER
- control field: 109098
003 - CONTROL NUMBER IDENTIFIER
- control field: NUST
005 - DATE AND TIME OF LATEST TRANSACTION
- control field: 20230215143703.0
008 - FIXED-LENGTH DATA ELEMENTS
- fixed length control field: 230215|| aca||aabn | a|a d
040 ## - CATALOGING SOURCE
- Original cataloging agency: NUST
- Transcribing agency: NUST
100 ## - HEADING--PERSONAL NAME
- Personal name: C,WANG
670 ## - SOURCE DATA FOUND
- Source citation: Work cat.: (NUST): C,WANG., HIGH PERFORMANCE COMPUTING FOR BIG DATA /, 2020.
